000 00682nam a2200205Ia 4500
003 GCL
008 140319s9999 xx 000 0 ara d
040 _aGCL /
_cGCL
082 0 4 _a253.1
_bم م
100 1 _aمحمد مصطفى شلبى
245 1 0 _aالمدخل فى التعريف بالفقه الاسلامى وقواعد الملكية والعقود فيه /
_cمحمد مصطفى شلبى
260 _a[S.N] :
_bدار النهضة العربية ،
_c1985
300 _a633 ص
490 _a
650 0 4 _aالشريعة الاسلامية
650 0 4 _aالفقه الاسلامى
650 0 4 _aالعقود
650 0 4 _aحق الملكية
942 _2ddc
_cBK
999 _c37026
_d37026